000 00953nam a22002177a 4500
005 20240530110446.0
008 150428s2007 ua a g b 000 0 ara d
017 _a2007/9262
_bمصر . دار الكتب المصرية
020 _a9774197011
040 _aEG-CaGPL
082 0 4 _221
_a953.071\
_bح ن
100 0 _aحسن عصام الدين طلبة.
245 1 0 _aنايات و طبول :
_bصراع الاسبان مع امراء و ملوك الاندلس فى عصر امارات و مماليك الطوائف /
_cالمؤلف حسن عصام الدين طلبة.
260 _aالقاهرة :
_bالهيئة المصرية العامة للكتاب ،
_c2007.
300 _a528 ص :
_bايض ؛
_c24 سم.
650 0 4 _aالقصص التاريخية
650 0 4 _aالقصص التاريخية
_zالاندلس
650 0 4 _aالدولة الاسلامية
_xقصص.
942 _2ddc
_cBK
999 _c61148
_d61148